[Event "Steinfurt Bezirksklasse 1213"]
[Site "Germany"]
[Date "2013.03.23"]
[Round "7.6"]
[White "Krause, Leon"]
[Black "Bakker, David"]
[Result "1/2-1/2"]
[WhiteElo "1111"]
[BlackElo "1061"]
[PlyCount "35"]
[EventDate "2012.09.29"]
[EventType "team-tourn"]
[EventRounds "9"]
[EventCountry "GER"]
[SourceTitle "EXT 2015"]
[Source "ChessBase"]
[SourceDate "2014.11.20"]
[SourceVersion "1"]
[SourceVersionDate "2014.11.20"]
[SourceQuality "1"]
[WhiteTeam "Westerkappeln II"]
[BlackTeam "Steinfurt IV"]
[WhiteTeamCountry "GER"]
[BlackTeamCountry "GER"]

1. Nf3 Nf6 2. g3 Nc6 3. Bg2 d5 4. 0-0 e6 5. d3 Bc5 6. c4 dxc4 7. dxc4 Qxd1 8. Rxd1 0-0 9. Bf4 Bb6 10. Nc3 Re8 11. Ne5 Nxe5 12. Bxe5 Ng4 13. Bd4 Bxd4 14. Rxd4 Nf6 15. Rad1 c6 16. Ne4 Nxe4 17. Bxe4 e5 18. Rd8 1/2-1/2

[Event "Steinfurt Bezirksklasse 1213"]
[Site "Germany"]
[Date "2012.12.01"]
[Round "3.5"]
[White "Roos, Bastian"]
[Black "Krause, Leon"]
[Result "1/2-1/2"]
[WhiteElo "1333"]
[BlackElo "1111"]
[PlyCount "30"]
[EventDate "2012.09.29"]
[EventType "team-tourn"]
[EventRounds "9"]
[EventCountry "GER"]
[SourceTitle "EXT 2015"]
[Source "ChessBase"]
[SourceDate "2014.11.20"]
[SourceVersion "1"]
[SourceVersionDate "2014.11.20"]
[SourceQuality "1"]
[WhiteTeam "Saerbeck III"]
[BlackTeam "Westerkappeln II"]
[WhiteTeamCountry "GER"]
[BlackTeamCountry "GER"]

1. d4 Nf6 2. c4 g6 3. Nc3 Bg7 4. Bf4 0-0 5. Nf3 b6 6. e4 c5 7. d5 Bb7 8. Bd3 d6 9. 0-0 Re8 10. Qc2 e6 11. dxe6 Rxe6 12. Ng5 Re7 13. Nd5 Nxd5 14. exd5 Bh6 15. Nxf7 Rxf7 1/2-1/2

[Event "Steinfurt Bezirksliga 1213"]
[Site "Germany"]
[Date "2012.09.22"]
[Round "1.8"]
[White "Krause, Leon"]
[Black "Steens, Rudolf"]
[Result "0-1"]
[WhiteElo "1111"]
[BlackElo "1740"]
[PlyCount "54"]
[EventDate "2012.09.22"]
[EventType "team-tourn"]
[EventRounds "9"]
[EventCountry "GER"]
[SourceTitle "EXT 2015"]
[Source "ChessBase"]
[SourceDate "2014.11.20"]
[SourceVersion "1"]
[SourceVersionDate "2014.11.20"]
[SourceQuality "1"]
[WhiteTeam "Westerkappeln"]
[BlackTeam "Nordwalde"]
[WhiteTeamCountry "GER"]
[BlackTeamCountry "GER"]

1. Nf3 d5 2. g3 c5 3. Bg2 Nc6 4. d4 e6 5. 0-0 Qb6 6. c3 Nf6 7. Be3 c4 8. b4 Bd6 9. Na3 Qa6 10. Nc2 Qa4 11. a3 Ne4 12. Nce1 Qxd1 13. Rxd1 Nxc3 14. Rd2 Ne4 15. Rb2 b5 16. Ng5 Nxg5 17. Bxg5 Nxd4 18. Be3 Nf5 19. Bd2 Be5 20. Rb1 Bb7 21. Nf3 Bf6 22. Rfd1 c3 23. Be3 Nxe3 24. Rd3 Nxg2 25. Kxg2 Rc8 26. Nd4 Bxd4 27. Rxd4 e5 0-1

[Event "Steinfurt Bezirksklasse 1011"]
[Site "Germany"]
[Date "2011.03.19"]
[Round "8.7"]
[White "Krause, Leon"]
[Black "Weischer, Linus"]
[Result "1-0"]
[WhiteElo "761"]
[BlackElo "867"]
[PlyCount "71"]
[EventDate "2010.09.25"]
[EventType "team-tourn"]
[EventRounds "9"]
[EventCountry "GER"]
[SourceTitle "EXT 2012"]
[Source "ChessBase"]
[SourceDate "2011.11.24"]
[SourceVersion "1"]
[SourceVersionDate "2011.11.24"]
[SourceQuality "1"]
[WhiteTeam "Westerkappeln II"]
[BlackTeam "Nordwalde II"]
[WhiteTeamCountry "GER"]
[BlackTeamCountry "GER"]

1. Nf3 Nc6 2. g3 e5 3. d3 Bc5 4. Bg2 Nf6 5. 0-0 d6 6. Bg5 Bg4 7. c3 Qd7 8. d4 exd4 9. cxd4 Bb6 10. Bxf6 gxf6 11. d5 Ne7 12. Nc3 0-0-0 13. Nd4 h5 14. h4 f5 15. f3 Bxf3 16. Rxf3 Rh7 17. Bh3 Bxd4+ 18. Qxd4 Kb8 19. a4 b6 20. a5 Rc8 21. e4 Rg8 22. Kf2 Qe8 23. exf5 Rh6 24. Bf1 Qc8 25. Nb5 Nxf5 26. Qa4 Qb7 27. Rxf5 f6 28. Be2 Rhh8 29. axb6 Qxb6+ 30. Kg2 Kb7 31. Rc1 Rh7 32. Rc6 Qe3 33. Qa6+ Kb8 34. Nxd6 Qe4+ 35. Nxe4 Re7 36. Rfxf6 1-0

[Event "Steinfurt Bezirksklasse 1011"]
[Site "Germany"]
[Date "2010.12.18"]
[Round "4.8"]
[White "Schulte, Lothar"]
[Black "Krause, Leon"]
[Result "0-1"]
[WhiteElo "1379"]
[BlackElo "761"]
[PlyCount "91"]
[EventDate "2010.09.25"]
[EventType "team-tourn"]
[EventRounds "9"]
[EventCountry "GER"]
[SourceTitle "EXT 2012"]
[Source "ChessBase"]
[SourceDate "2011.11.24"]
[SourceVersion "1"]
[SourceVersionDate "2011.11.24"]
[SourceQuality "1"]
[WhiteTeam "Emsdetten Rochade IV"]
[BlackTeam "Westerkappeln II"]
[WhiteTeamCountry "GER"]
[BlackTeamCountry "GER"]

1. b4 b6 2. Bb2 d6 3. e4 e5 4. d4 Nc6 5. a3 Qh4 6. Qd3 Nf6 7. Nd2 a5 8. Ngf3 Qf4 9. g3 Qg4 10. h3 Qg6 11. b5 Nxd4 12. Bxd4 exd4 13. Nxd4 c5 14. bxc6 Ba6 15. Nb5 Bxb5 16. Qxb5 Nxe4 17. c7+ Ke7 18. Nxe4 Qxe4+ 19. Qe2 Qxe2+ 20. Bxe2 Kd7 21. Bf3 Rc8 22. Bg4+ Kxc7 23. Bxc8 Kxc8 24. 0-0 g6 25. Rfe1 Bg7 26. Rad1 Kd7 27. g4 b5 28. Re4 a4 29. Rb4 Kc6 30. Rbb1 Re8 31. Rd3 Re2 32. c3 Rc2 33. Rbd1 Be5 34. Kg2 Kc5 35. Kf3 Kc4 36. Ke4 Re2+ 37. Kf3 Rc2 38. Ke3 Ra2 39. f4 Bxc3 40. Rc1 Rxa3 41. Rd4+ Kc5 42. Kd3 b4 43. Rc4+ Kd5 44. Rd1 Bd4+ 45. Rc3 Rxc3+ 46. Ke2 0-1